<?xml version="1.0" encoding="UTF-8"?>
<record
    xmlns:xsi="http://www.w3.org/2001/XMLSchema-instance"
    xsi:schemaLocation="http://www.loc.gov/MARC21/slim http://www.loc.gov/standards/marcxml/schema/MARC21slim.xsd"
    xmlns="http://www.loc.gov/MARC21/slim">

  <leader>01960nam a2200289 u 4500</leader>
  <controlfield tag="001">000087446</controlfield>
  <controlfield tag="005">20200120224957.0</controlfield>
  <controlfield tag="008">110518s2011    sp     gr|||| 000 f spa d</controlfield>
  <datafield tag="020" ind1=" " ind2=" ">
    <subfield code="a">9789584228246</subfield>
  </datafield>
  <datafield tag="041" ind1=" " ind2=" ">
    <subfield code="a">spa</subfield>
  </datafield>
  <datafield tag="043" ind1=" " ind2=" ">
    <subfield code="a">e-sp---</subfield>
  </datafield>
  <datafield tag="090" ind1=" " ind2=" ">
    <subfield code="a">AN</subfield>
    <subfield code="b">BENJma</subfield>
  </datafield>
  <datafield tag="100" ind1="1" ind2=" ">
    <subfield code="a">Ben&#xED;tez, J. J.,</subfield>
    <subfield code="d">1947-</subfield>
  </datafield>
  <datafield tag="245" ind1="1" ind2="0">
    <subfield code="a">Caballo de Troya 2 :</subfield>
    <subfield code="b">Masada /</subfield>
    <subfield code="c">J. J. Ben&#xED;tez.</subfield>
  </datafield>
  <datafield tag="250" ind1=" " ind2=" ">
    <subfield code="a">1a. ed.</subfield>
  </datafield>
  <datafield tag="260" ind1=" " ind2=" ">
    <subfield code="a">Barcelona (Espa&#xF1;a) :</subfield>
    <subfield code="b">Planeta,</subfield>
    <subfield code="c">2011.</subfield>
  </datafield>
  <datafield tag="300" ind1=" " ind2=" ">
    <subfield code="a">555 p&#xE1;ginas.</subfield>
  </datafield>
  <datafield tag="490" ind1=" " ind2="0">
    <subfield code="a">Caballo de Troya</subfield>
    <subfield code="v">2</subfield>
  </datafield>
  <datafield tag="500" ind1=" " ind2=" ">
    <subfield code="a">Incluye &#xED;ndice</subfield>
  </datafield>
  <datafield tag="520" ind1=" " ind2=" ">
    <subfield code="a">"Con esta novela-testimonio, J. J. Ben&#xED;tez completa el famoso diario del mayor norteamericano que "salt&#xF3;" a los tiempos de Jes&#xFA;s de Nazaret. Si en Jerusal&#xE9;n. Caballo de Troya 1 se afirmaba que los evangelistas no hab&#xED;an contado la verdad sobre el Nazareno, en esta nueva obra vuelve a demostrarse. Y J. J. Ben&#xED;tez lo hace en otros dos oscuros y fascinantes cap&#xED;tulos de la vida de Cristo: sus apariciones despu&#xE9;s de muerto y su infancia. Conozca c&#xF3;mo se prepar&#xF3; este segundo "traslado" a la Palestina del a&#xF1;o 30. Sepa tambi&#xE9;n "algo" que el mundo ha ignorado: el diab&#xF3;lico plan ruso-norteamericano Rapto de Europa. En cuanto a los descubrimientos de Jas&#xF3;n en esta segunda "exploraci&#xF3;n", he aqu&#xED; algunos de los que desvela Masada. Caballo de Troya 2: &#xBF;sab&#xED;a usted, por ejemplo, que en la llamada "&#xFA;ltima cena" muchas de las palabras del Galileo fueron manipuladas e ignoradas por los sucesores de san Pedro? &#xBF;Sab&#xED;a que las apariciones del Maestro despu&#xE9;s de su resurrecci&#xF3;n fueron m&#xE1;s numerosas que las relatadas por los Evangelios? &#xBF;Imaginaba usted que Mar&#xED;a, la madre del Hijo del Hombre, habr&#xED;a sido calificada hoy como "nacionalista"?..."</subfield>
  </datafield>
  <datafield tag="650" ind1="1" ind2="7">
    <subfield code="a">Novela adulto</subfield>
  </datafield>
  <datafield tag="650" ind1="2" ind2="7">
    <subfield code="a">Novela hist&#xF3;rica</subfield>
  </datafield>
  <datafield tag="650" ind1="2" ind2="7">
    <subfield code="a">Literatura adulto</subfield>
  </datafield>
  <datafield tag="650" ind1="2" ind2="7">
    <subfield code="a">Literatura espa&#xF1;ola</subfield>
  </datafield>
  <datafield tag="650" ind1="2" ind2="7">
    <subfield code="a">Jesucristo en la literatura</subfield>
  </datafield>
  <datafield tag="650" ind1="2" ind2="7">
    <subfield code="a">Apariciones y milagros en la literatura</subfield>
  </datafield>
  <datafield tag="999" ind1=" " ind2=" ">
    <subfield code="c">12028</subfield>
    <subfield code="d">12028</subfield>
  </datafield>
  <datafield tag="952" ind1=" " ind2=" ">
    <subfield code="0">0</subfield>
    <subfield code="1">0</subfield>
    <subfield code="2">ddc</subfield>
    <subfield code="4">0</subfield>
    <subfield code="7">0</subfield>
    <subfield code="8">LA</subfield>
    <subfield code="a">BPMOS</subfield>
    <subfield code="b">BPMOS</subfield>
    <subfield code="d">2020-01-20</subfield>
    <subfield code="l">16</subfield>
    <subfield code="m">1</subfield>
    <subfield code="o">AN BENJma</subfield>
    <subfield code="p">MOS020054</subfield>
    <subfield code="r">2023-04-03</subfield>
    <subfield code="s">2023-03-15</subfield>
    <subfield code="t">ej.1</subfield>
    <subfield code="w">2020-01-20</subfield>
    <subfield code="y">BKLIT</subfield>
    <subfield code="z">Quince d&#xED;as</subfield>
  </datafield>
  <datafield tag="952" ind1=" " ind2=" ">
    <subfield code="0">0</subfield>
    <subfield code="1">0</subfield>
    <subfield code="2">ddc</subfield>
    <subfield code="4">0</subfield>
    <subfield code="5">1</subfield>
    <subfield code="7">0</subfield>
    <subfield code="8">LA</subfield>
    <subfield code="a">BPMOS</subfield>
    <subfield code="b">BPMOS</subfield>
    <subfield code="c">FIC</subfield>
    <subfield code="d">2023-03-14</subfield>
    <subfield code="e">Donaci&#xF3;n</subfield>
    <subfield code="l">0</subfield>
    <subfield code="o">AN BENJma</subfield>
    <subfield code="p">MOS503048</subfield>
    <subfield code="r">2024-09-19</subfield>
    <subfield code="t">Ej.2</subfield>
    <subfield code="w">2023-03-14</subfield>
    <subfield code="y">BKLIT</subfield>
    <subfield code="z">Quince d&#xED;as</subfield>
  </datafield>
</record>
